00539nam a2200157Ia 4500003000900000008004100009020001800050040001600068080001900084100002200103245012000125260003700245300001500282490004800297650003600345IN-BaIIA211028s9999 xx 000 0 eng d a0-7923-2793-4 cIIA Library a523.9-337bSTE aStenflo, Jan Olof 0aSolar magnetic fieldsbpolarized radiation diagnosticscJan Olof Stenflo  aDordrechtbKluwer Academicc1994 axiv, 385p. aAstronomy and Space Science Library no. 189 aSolar Physics, Magnetic fields.